Battle Cats all doges - Statistics

General Stats
  • This quiz has been taken 79 times
  • The average score is 7 of 52
Answer Stats
Answer % Correct
Doge
97%
Shibalien
56%
Doge Dark
52%
Zoge
52%
Gabriel
49%
Metal Doge
44%
Relic Doge
43%
Aku Doge
41%
Shibalien Elite
37%
Wall Doge
25%
Wild Doge
25%
Li'l Doge
22%
Ghost Doge
21%
Coffin Zoge
19%
Dogenstein
19%
Golden Doge
14%
MikuDoge
13%
Pumpkin Doge
11%
Ice Doge
10%
Lord Enma
10%
Chocolate Doge
8%
Dragon Doge
8%
Samurai Doggy
8%
Shakurel Doge
8%
Heavenly Le'saint
6%
Cow Doge
5%
Sunrise Doge
5%
Package Doge
3%
Rabbit Doge
3%
Ritual Drum Doge
3%
The Doge God
3%
Tiger Doge
3%
Doge Base
2%
Gigahaniwan
2%
Gudetama Plate
2%
Haniwanwan
2%
Inumusha
2%
Li'l Cake Doge
2%
Pigge Back
2%
Pigge Victorious
2%
Rat Doge
2%
Relic Doge Base
2%
Type 10
2%
Gudegude a la mode
0%
Misa Ono and Doge
0%
Moe Uzumasa and Doge
0%
Nisetama Army
0%
Osamu Mikumo and Doge
0%
Possessed Doge God
0%
Saki Matsuga and Doge
0%
Secret Doge
0%
Yuma Kuga and Doge
0%
No matching quizzes found
Score Distribution
Percent of People with Each Score
Percentile by Number Answered
Your Score History
You have not taken this quiz